El enigma del bumerang australiano y sus presuntos predecesores en el viejo mundo / (Record no. 103712)

MARC details
000 -LEADER
campo de control de longitud fija 00922nam a2200217 i 4500
001 - NÚMERO DE CONTROL
campo de control 103712
003 - IDENTIFICADOR DE NÚMERO DE CONTROL
campo de control ES-MaACL
005 - FECHA Y HORA DE LA ÚLTIMA TRANSACCIÓN
campo de control 20230906183430.0
007 - CAMPO FIJO DE DESCRIPCIÓN FÍSICA--INFORMACIÓN GENERAL
campo de control de longitud fija t|
008 - DATOS DE LONGITUD FIJA--INFORMACIÓN GENERAL
campo de control de longitud fija 060509s2002 sp ||||1| spa d
080 ## - NÚMERO DE LA CLASIFICACIÓN DECIMAL UNIVERSAL
Número de la Clasificación Decimal Universal 623.446.7(091)
100 0# - ENTRADA PRINCIPAL--NOMBRE DE PERSONA
Nombre de persona Gómez-Tabanera, José Manuel,
Fechas asociadas al nombre 1926-2011
9 (RLIN) 58165
245 13 - MENCIÓN DEL TÍTULO
Título El enigma del bumerang australiano y sus presuntos predecesores en el viejo mundo /
Mención de responsabilidad, etc. José Manuel Gómez-Tabanera.
260 ## - PUBLICACIÓN, DISTRIBUCIÓN, ETC.
Lugar de publicación, distribución, etc. [Oviedo] :
Nombre del editor, distribuidor, etc. J.M. Gómez-Tabanera,
Fecha de publicación, distribución, etc. [2002]
300 ## - DESCRIPCIÓN FÍSICA
Extensión 27 p. :
Otras características físicas il. ;
Dimensiones 21 cm.
500 ## - NOTA GENERAL
Nota general Ponencia presentada en el: VI Congreso Internacional de la Asociación Española de Estudios del Pacífico (del 6 al 8 de junio de 2002)
650 14 - PUNTO DE ACCESO ADICIONAL DE MATERIA--TÉRMINO DE MATERIA
Término de materia o nombre geográfico como elemento de entrada Bumeranes-
Subdivisión de forma Historia.
9 (RLIN) 10644
710 2# - ENTRADA AGREGADA--NOMBRE DE ENTIDAD CORPORATIVA
Nombre de entidad corporativa o nombre de jurisdicción como elemento de entrada Asociación Española de Estudios del Pacífico.
Unidad subordinada Congreso Internacional (
Número del congreso/reunión o número de parte o sección 6º.
Fecha del congreso o de la firma del tratado 2002.
Sede del congreso/Lugar de la reunión Valladolid)
9 (RLIN) 1666
852 ## - LOCALIZACIÓN
Ubicación ES-MaACL
Número de control de estantería 2201-F-20
Sublocalización o colección R.137579
Holdings
Estatus retirado Estado de pérdida Estado de daño No para préstamo Colección Biblioteca de origen Biblioteca actual Ubicación en estantería Fecha de adquisición Fuente de adquisición Total de préstamos Signatura topográfica completa Código de barras Visto por última vez Precio de reemplazo Tipo de ítem Koha
        Colección de folletos Biblioteca del Ateneo de Madrid Biblioteca del Ateneo de Madrid Depósito folletos 17/01/2008     2201-F-20 1108283 23/02/2023 23/02/2023 Folleto